000260843 001__ 260843
000260843 005__ 20260303173152.0
000260843 0247_ $$aG:(GEPRIS)423280617$$d423280617
000260843 035__ $$aG:(GEPRIS)423280617
000260843 040__ $$aGEPRIS$$chttp://gepris.its.kfa-juelich.de
000260843 150__ $$aIntegrin-Subtyp spezifische Organisation und Kraftübertragung (A12)$$y2019 -
000260843 371__ $$aProfessor Dr. Carsten Grashoff
000260843 371__ $$aYekaterina Miroshnikova, Ph.D.
000260843 450__ $$aSFB 1348 A12$$wd$$y2019 -
000260843 5101_ $$0I:(DE-588b)2007744-0$$aDeutsche Forschungsgemeinschaft$$bDFG
000260843 550__ $$0G:(GEPRIS)386797833$$aSFB 1348: Dynamische zelluläre Grenzflächen: Bildung und Funktion$$wt
000260843 680__ $$aIn diesem Projekt soll untersucht werden, wie verschiedene Zelladhäsionskomplexe mechanochemische Signale an der Plasmamembran wahrnehmen und an die Kernmembran weiterleiten, um die Mechanotransduktion im Zellkern zu modulieren. Es werden molekulare Kraftmessungen, Einzelzell-Transkriptomik und Bildgebung der Transkriptionskinetik eingesetzt, um die Kommunikationsprinzipien zwischen Plasmamembran und Zellkern aufzudecken und die Auswirkungen dieser Kommunikation auf die Regulierung des Zellstatus zu untersuchen.
000260843 909CO $$ooai:juser.fz-juelich.de:927446$$pauthority$$pauthority:GRANT
000260843 909CO $$ooai:juser.fz-juelich.de:927446
000260843 980__ $$aG
000260843 980__ $$aAUTHORITY